000 00631nam a22002057a 4500
003 0
005 20251117120552.0
008 251117b xxu||||| |||| 00| 0 eng d
020 _a0-385-50385-7
050 _aPR 9199.3.A8
_b.A89 2003
100 _aAtwood, Margaret,
_eauthor.
245 _aOryx and Crake :
_ba novel /
_cMargaret Atwood.
260 _aNew York, NY :
_bDoubleday,
_c2003.
300 _a374 pages ;
_c25 cm.
650 _aTriangles (Interpersonal relations)
_xFiction.
650 _aGenetic engineering
_xFiction.
650 _aNew York (State)
_xFiction.
650 _aMale friendship
_xFiction.
942 _2lcc
_cBK
999 _c368664
_d368664